| 000 | 00998cam a22002771a 4500 | ||
|---|---|---|---|
| 001 | rc 01002807 | ||
| 003 | DLC | ||
| 005 | 20260227111907.0 | ||
| 007 | cr_||||||||||| | ||
| 008 | 790305r18651747nyu 000 0 engd | ||
| 010 | _arc 01002807 | ||
| 035 | _a(OCoLC)4713967 | ||
| 040 |
_aDLC _cNBrockU _dNBrockU _dMnHi _dOCoLC _dDLC |
||
| 042 | _apremarc | ||
| 043 | _an-us-va | ||
| 050 | 0 | 0 |
_aF229 _b.S86 |
| 100 | 1 |
_aStith, William, _d1707-1755. |
|
| 245 | 1 | 4 |
_aThe history of the first discovery and settlement of Virginia / _cby William Stith. |
| 260 |
_aNew York : _bReprinted for Joseph Sabin, _c1865. |
||
| 300 |
_a[386] p. in various pagings ; _c22 cm. |
||
| 490 | 0 |
_aSabin's reprints ; _vno. 6 |
|
| 500 | _aFacsim. reprint of: Williamsburg : W. Parks, 1747. Cf. Church cat. 963. | ||
| 530 | _aAlso available in digital form on the Internet Archive Web site. | ||
| 651 | 0 |
_aVirginia _xHistory _yColonial period, ca. 1600-1775. |
|
| 856 | 4 | 1 | _uhttp://hdl.loc.gov/loc.gdc/scd0001.00144439740 |
| 999 |
_c52415 _d52415 |
||